000 00969nam a22003137a 4500
001 BR2010001332
003 BR-BrBNA
005 20230928103222.0
007 ta
008 230509b bl.||||| |||| 00| 0 por d
040 _aBR-BrBNA
_bpor
_cBiblioteca Nacional de Agricultura
041 _a(Por)
072 _aQ03; J11
_b9135
_b1112
090 _ 9135 BR2010001332
100 1 _aDias, C.S.
110 1 _aUniversidade Federal de Lavras, MG (Brasil)
_0Tese (Mestrado)
245 1 _aAlterações na qualidade da geleia da casca de banana prata durante o armazenamento em diferentes temperaturas
260 3 _aLavras, MG (Brasil):
_c2009.
300 _a109 p.
500 _aSummaries (Eng, Por); Several bibliography; 8 tables; 28 illus.
650 _aGELÉIA
650 _aBANANA
650 _aARMAZENAMENTO
650 _aTEMPERATURA
650 _aANÁLISE ORGANOLÉPTICA
650 _aQUALIDADE
909 _a202309
_bLucia
_c55
_dLucia Elande
942 _cBK
999 _c74182
_d74182